000 00499nam a2200193Ia 4500
003 GCL
008 140319s9999 xx 000 0 eng d
040 _aGCL /
_cGCL
082 0 4 _a720.92
_bA J
100 1 _aACADEMY EDITIONS
245 1 0 _aJAMES STIRLING + MICHAEL WILFORD /
_cACADEMY EDITIONS
260 _a[S.N] :
_bACADEMY EDITIONS ،
_c1993
300 _a144 P
650 0 4 _aPROJECTS
650 0 4 _aARCHITECTS
650 0 4 _aSTIRLING, JAMES
650 0 4 _aWILFORD, MICHAEL
942 _2ddc
_cBK
999 _c11033
_d11033